Young X-Men. #2 / writer, Marc Guggenheim ; ... Read More
Available copies
- 2 of 2 copies available at LARL/NWRL Consortium.
- 1 of 1 copy available at Northwest Regional Library. (Show preferred library)
Current holds
0 current holds with 2 total copies.
Show Only Available Copies
| Location | Call Number / Copy Notes | Barcode | Shelving Location | Status | Due Date |
|---|---|---|---|---|---|
| Thief River Falls Public Library | ya GUG (Text) | 35500004505408 | Main | Available | - |
| Detroit Lakes Public Library | Y G GUG (Text) | 33500010073658 | Main | Available | - |
Record details
- ISBN: 9780785131656 (pbk.)
- ISBN: 0785131655 (pbk.)
- Physical Description: 1 v. (unpaged) : col. ill. ; 26 cm.
- Publisher: New York : Marvel ; 2009.
Search for related items by subject
| Subject: | Young adult fiction, American. |
| Genre: | Science fiction comic books, strips, etc. |
Search for related items by series
| LDR | 01435nam a22003858a 4500 | ||
|---|---|---|---|
| 001 | 105448 | ||
| 003 | LARL_NWRL_CONSORTIUM | ||
| 005 | 20090617114725.0 | ||
| 008 | 090320s2009 nyua j 000 j eng | ||
| 015 | . | ‡aGBA933420 ‡2bnb | |
| 016 | 7 | . | ‡a015103559 ‡2Uk |
| 020 | . | ‡a9780785131656 (pbk.) | |
| 020 | . | ‡a0785131655 (pbk.) | |
| 035 | . | ‡a(OCoLC)317749308 | |
| 082 | 0 | 4. | ‡a741.5973 ‡222 |
| 100 | 1 | . | ‡aGuggenheim, Marc. ‡0(LARL_NWRL_CONSORTIUM)215485 |
| 245 | 1 | 0. | ‡aYoung X-Men. ‡n#2 / ‡cwriter, Marc Guggenheim ; artists, Yanick Paquette, Ben Oliver, Rafa Sandoval. |
| 260 | . | ‡aNew York : ‡bMarvel ; ‡aLondon : ‡bDiamond [distributor], ‡c2009. | |
| 300 | . | ‡a1 v. (unpaged) : ‡bcol. ill. ; ‡c26 cm. | |
| 490 | 0 | . | ‡aYoung X-Men ; ‡v2 |
| 490 | 0 | . | ‡aX-Men |
| 490 | 0 | . | ‡aMarvel |
| 655 | 0. | ‡aScience fiction comic books, strips, etc. | |
| 650 | 0. | ‡aYoung adult fiction, American. ‡0(LARL_NWRL_CONSORTIUM)35359 | |
| 700 | 1 | . | ‡aPaquette, Yanick. ‡0(LARL_NWRL_CONSORTIUM)202299 |
| 700 | 1 | . | ‡aOliver, Ben. ‡0(LARL_NWRL_CONSORTIUM)193994 |
| 700 | 1 | . | ‡aSandoval, Rafa. ‡0(LARL_NWRL_CONSORTIUM)199537 |
| 901 | . | ‡a105448 ‡bOCLC ‡c105448 ‡tbiblio | |

Add to basket
Permalink
Disable Highlighting